000 00797nam a2200253Ia 4500
003 OSt
005 20220916110913.0
006 a|||||r|||| 00| 0
007 ta
008 220915b |||||||| |||| 00| 0 hin d
024 _a274222
037 _cTextbook
040 _bhin
_aARTS
_cARTS
041 _ahin
082 _aO152,3N27,MA, (K0)
100 _aराजेश्वर प्रसाद
245 0 _aमहान अपराधी
246 _aMahān aparādhī
260 _aइलाहाबाद
_bकिताब महल भारत
_c1960
300 _a204पृ0
_ccm.
650 _aहिन्दी साहित्य
942 _hO152,3N27,MA, (K0)
_cTB
_2CC
999 _c100907
_d100907